Southville International School and Colleges
Your cart is empty.
  • Cart
  • Lists
    Public lists Eva Luna New books Lux_list list_1
    Your lists Log in to create your own lists
  • Log in to your account
  • Your cookies
  • Search history
Southville International School and Colleges
  • Advanced search
  • Recent comments
  • Most popular
  • Libraries

Log in to your account

Log in with GOOGLE


If you do not have an external account, but do have a local account, you can still log in:

  1. Home
  2. MARC view: The adventures of Tom Sawyer /
Normal view MARC view ISBD view

The adventures of Tom Sawyer / (Record no. 287839)

[ view plain ]
MARC details
000 -LEADER
fixed length control field 00569nam a2200169Ia 4500
008 - FIXED-LENGTH DATA ELEMENTS--GENERAL INFORMATION
fixed length control field 150610s9999 xx 000 0 und d
020 ## - INTERNATIONAL STANDARD BOOK NUMBER
International Standard Book Number 0486400778 (pbk.)
050 ## - LIBRARY OF CONGRESS CALL NUMBER
Classification number PS1306
Item number .A23 1967   
100 ## - MAIN ENTRY--PERSONAL NAME
Personal name Twain, Mark, 1835-1910
245 #4 - TITLE STATEMENT
Title The adventures of Tom Sawyer /
Statement of responsibility, etc Mark Twain.
260 ## - PUBLICATION, DISTRIBUTION, ETC. (IMPRINT)
Place of publication, distribution, etc New York :
Name of publisher, distributor, etc Dover Pub. Inc.,
Date of publication, distribution, etc 1998.
300 ## - PHYSICAL DESCRIPTION
Extent 183pages ;
Dimensions 21 cm.
650 ## - SUBJECT ADDED ENTRY--TOPICAL TERM
Topical term or geographic name as entry element Child witnesses
Topical term following geographic name as entry element Fiction.
650 ## - SUBJECT ADDED ENTRY--TOPICAL TERM
Topical term or geographic name as entry element Mississippi River Valley
General subdivision Fiction.
650 ## - SUBJECT ADDED ENTRY--TOPICAL TERM
Topical term or geographic name as entry element Runaway children
Topical term following geographic name as entry element Fiction.
650 ## - SUBJECT ADDED ENTRY--TOPICAL TERM
Topical term or geographic name as entry element Sawyer, Tom (Fictitious character)
General subdivision Fiction.
Holdings
Withdrawn status Lost status Damaged status Home library Current library Shelving location Date acquired Total Checkouts Full call number Barcode Date last seen Price effective from Koha item type
      Stonyhurst Southville International School (Batangas) Stonyhurst Southville International School (Batangas) High School Section 06/10/2015   PS1306 .A23 1998 US-0844 06/10/2015   Books

The adventures of Tom Sawyer /

APA

Twain M. 1., . (1998). The adventures of Tom Sawyer. New York: Dover Pub. Inc.

Chicago

Twain Mark 1835-1910, . 1998. The adventures of Tom Sawyer. New York: Dover Pub. Inc.

Harvard

Twain M. 1., . (1998). The adventures of Tom Sawyer. New York: Dover Pub. Inc.

MLA

Twain Mark 1835-1910, . The adventures of Tom Sawyer. New York: Dover Pub. Inc. 1998.

  • Place hold
  • Print
  • Cite
  • Add to your cart (remove)
  • Save record
    BIBTEX Dublin Core MARCXML MARC (non-Unicode/MARC-8) MARC (Unicode/UTF-8) MARC (Unicode/UTF-8, Standard) MODS (XML) RIS
  • More searches
    Search for this title in:
    Other Libraries (WorldCat) Other Databases (Google Scholar) Online Stores (Bookfinder.com) Open Library (openlibrary.org)

Exporting to Dublin Core...

SOUTHVILLE LIBRARY

Southville International School and Colleges Library

1281 Tropical Ave. Cor. Luxembourg St., BF Homes International, Las Pinas City

Tel. No. 8256374 / 252358 Loc. 117/146

Powered by Koha